000 00367nam a2200157Ia 4500
008 230711s9999||||xx |||||||||||||| ||und||
041 _aENG
082 _a720
_bAT-E
100 _aATRIVM
245 0 _aExpomueble V7: auxiliar complementor acassorior
250 _a1st
260 _c1991
_aNew Delhi
_bAtrium
300 _a159
650 _aArchitecture
942 _cBK
999 _c1816
_d1816